| 000 | 03342nam0a2200457 4500 | ||
|---|---|---|---|
| 001 | RU\NLR\BIBL_A\016238276 | ||
| 005 | 20230313135341.0 | ||
| 010 |
_a978-5-04-166794-8 _92000 |
||
| 021 |
_aRU _bКН-П-22-083132 _9КН-П-22-7323 |
||
| 035 | _a(NLR Aleph) 016238276 | ||
| 035 | _a(RuMoRGB)011403776 | ||
| 090 |
_a12789308 _c12789308 |
||
| 100 | _a20221214d2022 u y0rusy50 ca | ||
| 101 | 1 | _arus | |
| 102 | _aRU | ||
| 105 | _aa z 000zy | ||
| 181 | 0 |
_ai _baxxe |
|
| 182 | 0 | _an | |
| 200 | 1 |
_aМного - это сколько? _eкак не избаловать любимого ребенка _fДжин Кларк, Конни Доусон, Дэвид Бредехофт _gперевод с английского Э. И. Мельник |
|
| 203 |
_aТекст _bвизуальный _cнепосредственный |
||
| 210 |
_aМосква _cБомбора _cЭксмо _d2022 |
||
| 215 |
_a359, [2] с. _cил. _d21 |
||
| 225 | 1 | _aВоспитание с любовью и пониманием | |
| 225 | 1 |
_aПсихология _iВоспитание с любовью и пониманием |
|
| 330 | _aКак говорили в одной чудесной сказке: "Детей надо баловать, тогда из них вырастают настоящие разбойники!" Когда есть большое разнообразие игрушек, гаджетов, сладостей, мы хотим, чтобы детство нашего ребенка было счастливым, и позволяем вести себя, как он хочет, и делать все, что угодно. Это новая норма. Но вседозволенность приводит к плохим последствиям. Она готовит почву для проблем и неудач наших детей в будущем. Однако не все потеряно. Из этой книги вы узнаете, как не довести до крайности и при этом дарить ребенку много любви и заботы, каким образом избалованность распространяется не только на детей, но и на взрослых, и как не испортить жизнь своих детей благими намерениями, переизбытком внимания и отсутствием правил | ||
| 333 | _a16+ | ||
| 606 | 1 |
_aДети и родители _jПопулярные издания _xПсихологическая служба _92100863 _3RU\NLR\AUTH\661270599 |
|
| 606 | 1 |
_aДети и родители _jПопулярные издания _xВзаимопонимание _92092962 _3RU\NLR\AUTH\661570158 |
|
| 606 | 1 |
_aДети _jПопулярные издания _xВоспитание культуры поведения _92585927 _3RU\NLR\AUTH\661528451 |
|
| 675 | _a159.9 | ||
| 686 | 1 | _aЧ491.2я9 | |
| 686 | 1 | _aЧ491.352.25я9 | |
| 686 | 1 | _aЮ984.92я9 | |
| 686 | 1 | _aЮ983.62я9 | |
| 700 | 1 |
_aКларк _bД. И. _gДжин Иллсли |
|
| 701 | 1 |
_aДоусон _bК. _gКонни |
|
| 701 | 1 |
_aБредехофт _bД. _gДэвид |
|
| 942 | _cBOOK | ||
| 980 | _aNB | ||